00648nam a22001937a 450000500170000001000150001702000270003203500130005903700130007208200110008510000210009624500590011726000350017627000510021130000240026294200250028699900190031195201240033020160823130436.0 aENG-115821 a9789350847367c1500.00 aEN-99353 bDBAD/PUB a238.33 aDahiya,Raj Kumar aPoltical thought of Swami Dayanadcby Raj Kumar Dahiya aNew DelhibCentrum Pressc2015 a4360/4Ansari Road DaryaganjbNew Delhie110002 avii,256p.c24cm(Hb) 2ddccENh238.33mDAH c102732d102732 001040718NFICaDBADbBNd2016-08-23eDBAD/PUBg1500.00l0o238.33 DAHpEN-99353r2016-08-23 00:00:00t1v1500.00yEN